000
00285nam a2200109Ia 4500
005
20251222114409.0
008
251222s1900||||xx |||||||||||||| ||spa||
082
_a
DVD0099/C82/T.2/2000
245
0
_a
Prede e Predatori e L'oringine della Terra
264
_b
Discovery Channel
942
_c
DVD
999
_c
1945
_d
1945